හදවතින් විසීම/
Saved in:
| Main Author: | |
|---|---|
| Format: | Book |
| Language: | English Sinhalese |
| Published: |
රත්නපුර :
රත්නපරපුර,
|
| Subjects: | |
| Tags: |
Add Tag
No Tags, Be the first to tag this record!
|
MARC
| LEADER | 00000nam a22000007a 4500 | ||
|---|---|---|---|
| 003 | LK-RuCL | ||
| 005 | 20260319092838.0 | ||
| 008 | 260319b |||||||| |||| 00| 0 eng d | ||
| 020 | |a 9876249242371 | ||
| 040 | |a LK-RuCL |b sin |d LK-RuCL | ||
| 041 | |a sin | ||
| 082 | |2 23 |a 891.483 | ||
| 100 | |a නිලුකා ,හංසිකා දුලාෂිණි් | ||
| 130 | |a හදවතින් විසීම/ | ||
| 245 | |a හදවතින් විසීම/ |c හංසිකා දුලාෂිණී නිලුකා | ||
| 260 | |a රත්නපුර : |b රත්නපරපුර, |g 2025 | ||
| 300 | |a පි.(IX), 64 : |c සෙ.මි.21 | ||
| 650 | 0 | |a සිංහල ප්රබන්ධ | |
| 942 | |c LBK | ||
| 999 | |c 14211 |d 14211 | ||